TREES OF DELHI A FIELD GUIDE (Record no. 479541)

MARC details
000 -LEADER
fixed length control field 00406pam a2200157a 44500
008 - FIXED-LENGTH DATA ELEMENTS--GENERAL INFORMATION
fixed length control field 230515b2006 xxu||||| |||| 00| 0 eng d
020 ## - INTERNATIONAL STANDARD BOOK NUMBER
International Standard Book Number 0-14-400070-9
041 ## - LANGUAGE CODE
Language code of text/sound track or separate title ENGLISH
082 ## - DEWEY DECIMAL CLASSIFICATION NUMBER
Classification number 910.2
100 ## - MAIN ENTRY--PERSONAL NAME
Personal name KRISHEN P
245 ## - TITLE STATEMENT
Title TREES OF DELHI A FIELD GUIDE
250 ## - EDITION STATEMENT
Edition statement 1
260 ## - PUBLICATION, DISTRIBUTION, ETC.
Place of publication, distribution, etc. NEW DELHI
Name of publisher, distributor, etc. DORLING KINDERSLEY PVT LTD DELHI
Date of publication, distribution, etc. 2006
300 ## - PHYSICAL DESCRIPTION
Extent 360
650 ## - SUBJECT ADDED ENTRY--TOPICAL TERM
Topical term or geographic name entry element TREES OF DELHI A FIELD GUIDE

No items available.